000 00662nam a2200241Ia 4500
003 OSt
005 20220918212218.0
006 a|||||r|||| 00| 0
007 ta
008 220917b |||||||| |||| 00| 0 eng d
024 _a127,785
037 _cTextual
040 _aARTS
_cARTS
_beng
041 _2eng
_aeng
082 _aW64N19.5931.N5, L7
100 _aCarsten F L
_9107355
245 0 _aFascist movements in Austria
_b From Schoneres to Hitler
260 _aLondon
_bSage
_c1977
300 _a256p.
_ccm.
650 _aPOLITICAL SCIENCE
942 _hW64N19.5931.N5, L7
_cTEXL
_2CC
999 _c250927
_d250927